K problému vzniku a vývoja socialistickej ekonomickej integrácie členských krajín RVHP

Bibliographic Details
Main Author: Štefániková, Antónia, 1943- (Author)
Format: Article
Language:Slovak
PhysicalDescription:Res. rus.
Subjects:

MARC

LEADER 00000nab a2200000 a 4500
001 vtls000037758
003 SK-MaSNL
005 20260304204027.0
008 111026c1979 xo 0 slo
015 |a SNBRA19rr/mm-uuuuu 
035 |a CL0047853 
040 |a SNKBUCL  |b slo  |c SNKBUCL  |e AACR2 
041 0 |a slo 
044 |a xo  |c SK 
080 |a 339.923:061.1(4-11)  |2 1981 
080 |a 061.1(4-11)  |2 1981 
100 1 |a Štefániková, Antónia,  |d 1943-  |4 aut  |9 104999 
245 1 0 |a K problému vzniku a vývoja socialistickej ekonomickej integrácie členských krajín RVHP  |c Antónia Štefániková 
300 |b Res. rus. 
500 |a Posúdil A. Ružička. 
650 0 7 |a Rada vzájomnej hospodárskej pomoci  |2 snkbucl  |9 920973 
650 0 7 |a ekonomická integrácia  |2 snkbucl  |9 2139 
655 7 |a články zo zborníkov  |2 snkbucl  |9 166140 
773 0 |t Slovanské štúdie  |d Bratislava : Veda, 1979  |g S. 67-89 
850 |a Slovenská národná knižnica v Martine  |a MTA001 
852 |a SNK  |b KIS3GCP 
958 7 |a RK 
992 |a RZB 
999 |c 3113873  |d 3115803